000 00878nas a2200289 4500
001 BR2014003178
003 BR-BrBNA
005 20231205124042.0
007 ta
008 230509b bl.|||p| |||| 00| 00por d
040 _aBR-BrBNA
_bpor
_cBiblioteca Nacional de Agricultura
041 _a(En)
072 _aQ05
100 1 _aSilva, D. aa C. e
100 1 _aTiradentes, S.B. da S.P.
100 1 _aParente, R.C.P.
100 1 _aBandeira, M.F.C.L.
245 1 _aColor change using HSB color system of dental resin composites immersed in different common Amazon region beverages
650 _aRESINA
650 _aCORANTE
650 _aBEBIDA
650 _aESTABILIZANTE
650 _aCOR
773 0 _tActa Amazônica (Brazil)
_xISSN 0044-5967
_g(Dec 2009), v. 39(4) p. 961-968
_wBR2014003178
909 _a202311
_bLúcia
_c55
_dLúcia Elande
942 _2AGRIS
_n0
_cANA
999 _c237062
_d237062